| 000 | 00814nam a22002177a 4500 | ||
|---|---|---|---|
| 008 | 161020b xxu||||| |||| 00| 0 eng d | ||
| 020 | _a9789710426119 | ||
| 082 |
_22009 _aDFil 330.95990905 _bH43 |
||
| 100 |
_916530 _aHermoso, Reuel R. |
||
| 245 |
_aAgenda for hope: _bsharing prosperity/ _cEdited by Reuel R. Hermoso...[and 2 others]. |
||
| 260 |
_aQuezon City: _bADMU Press, _cc2009. |
||
| 300 |
_avii, 232 pages: _billustrations; _c23 cm. |
||
| 500 | _aIncludes index. | ||
| 650 | 0 |
_916533 _aPhilippines _xeconomic conditions _y21st century. |
|
| 650 | 0 |
_916534 _aEconomic indicators _zPhilippines. |
|
| 650 | 0 |
_916535 _aEconomic development _xsocial aspects _zPhilippines. |
|
| 700 |
_916531 _aAldaba, Fernando T. _eEditor |
||
| 700 |
_916532 _aRacelis, Mary _eEditor |
||
| 365 |
_b564.00 _cPhp. |
||
| 942 |
_2ddc _cDFIL |
||
| 999 |
_c5336 _d5336 |
||